Zhang Zhong er gong shu : 1 juan /

Saved in:
Bibliographic Details
Main Author: Zhang, Lun.
Other Authors: Zhong, Tong.
Format: Book
Language:Chinese
Published: Taibei Shi : Guo lian tu shu chu ban you xian gong si, Min guo 53 [1964]
Series:Huang Ming jing shi wen bian ; 4.
Tags: Add Tag
No Tags, Be the first to tag this record!
LEADER 01213cam a2200289ui 4500
001 007786005-5
005 20024617112705.0
008 980508r19641638ch 000 0 chi d
035 0 |a ocm39091426 
040 |a *YNH*  |c *YNH*  |d CStRLIN 
100 1 |6 880-01  |a Zhang, Lun. 
245 1 0 |6 880-02  |a Zhang Zhong er gong shu :  |b 1 juan /  |c Zhang Lun, Zhong Tong zhuan. 
260 |6 880-03  |a Taibei Shi :  |b Guo lian tu shu chu ban you xian gong si,  |c Min guo 53 [1964] 
300 |a 1 v. ;  |c 21 cm. 
490 1 |6 880-04  |a Huang Ming jing shi wen bian ;  |v 4 
500 |6 880-05  |a "Ben shu yi ju Guo li zhong yang tu shu guan zhen cang Ming Chongzhen jian [1638] Ping lu tang kan ben ying yin." 
700 1 |6 880-06  |a Zhong, Tong. 
880 1 |6 100-01  |a 章綸. 
880 1 0 |6 245-02  |a 章鍾二公疏 :  |b 1卷 /  |c 章綸, 鍾同撰. 
880 |6 260-03  |a 台北市 :  |b 國聯圖書出版有限公司,  |c 民國53 [1964] 
880 1 |6 490-04  |a 皇明經世文編 ;  |v 4 
880 |6 500-05  |a "本書依據國立中央圖書館珍藏明崇禎間[1638]平露堂刊本影印." 
880 1 |6 700-06  |a 鍾同. 
830 0 |6 880-54  |a Huang Ming jing shi wen bian ;  |v 4. 
880 0 |6 830-54  |a 皇明經世文編 ;  |v 4. 
988 |a 20021121 
906 |0 MH